000 00492pab a2200193 454500
008 180718b2000 xxu||||| |||| 00| 0 eng d
100 _aParthasarathy, G.
245 _aEmployment and unemployment of youth
260 _c2000
300 _ap.683-701
362 _aOct-Dec
650 _aUnemployment
650 _aEmployment
650 _aYouth unemployment
650 _aYouth employment
700 _aNirmala, K.A.
773 _aIndian Journal of Labour Economics
909 _a47293
999 _c47293
_d47293